| 000 | 00710nmm a2200277 a 4500 | ||
|---|---|---|---|
| 003 | AR-BaBNM | ||
| 005 | 20251128211414.0 | ||
| 008 | 124020s2002 ||||||||||||||000 | spa|| | ||
| 020 | _a950-808-350-6 | ||
| 040 | _cAR-BaBNM | ||
| 245 | 1 | 0 | _aPolítica y gestión |
| 260 |
_aRosario _bHomo Sapiens Ediciones _c2002 |
||
| 300 | 0 | _a160 p. | |
| 610 | 2 | 4 | _aBanco Mundial |
| 650 | 4 | _aREFORMA DEL ESTADO | |
| 650 | 4 | _aESTADO | |
| 650 | 4 | _aCIENCIAS POLITICAS | |
| 650 | 4 | _aPARTIDOS POLITICOS | |
| 650 | 4 | _aDESIGUALDAD SOCIAL | |
| 650 | 4 | _aPOLITICA ECONOMICA | |
| 650 | 4 | _aPOLITICA EDUCATIVA | |
| 651 | 4 | _aAmérica Latina | |
| 700 | 1 |
_aCavarozzi, Marcelo _edirector |
|
| 942 | _cBK | ||
| 998 | _cMariana | ||
| 999 |
_c19547 _d19547 |
||